Statistics for monster movies

Click here to take the quiz!

General Stats

  • This quiz has been taken 18 times
  • The average score is 7 of 15

Answer Stats

yearmovie% Correct
1931Dracula
78%
1931Frankenstein
78%
1954Godzilla
78%
1933King kong
67%
1932The mummy
67%
1941The wolfman
67%
1954Creature from the black lagoon
56%
1922Nosferatu
44%
1958The blob
44%
1975Jaws
33%
1968Night of the living dead
33%
1980Friday the 13th
22%
1961Mothra
22%
1991Silence of the lambs
22%
1953War of the worlds
11%

Score Distribution

Percentile by Number Answered

Percent of People with Each Score

Your Score History

You have not taken this quiz